000
00323nam a22001337a 4500
008
170616b xxu||||| |||| 00| 0 eng d
020
_a
9780813323534
041
_a
eng
080
_2
2ND
_a
327
100
_a
20
101
_a
SHP
245
_a
INTERNATIONAL RELATIONS IN A CHANGING GLOBAL SYSTEM
_c
BROWN,S
942
_2
udc
_c
BK
999
_c
17966
_d
17966